[Event "Open A"]
[Site "Banska Stiavnica SVK"]
[Date "2006.07.10"]
[Round "3"]
[White "Hagarova,Z"]
[Black "Devcic,D"]
[Result "1-0"]
[WhiteElo "2364"]
[BlackElo "2287"]

1.e4 c5 2.Nf3 e6 3.d4 cxd4 4.Nxd4 a6 5.Nc3 Qc7 6.Bd3 Bc5 7.Nb3 Be7 8.Qg4 g6
9.O-O d6 10.Qe2 Nd7 11.f4 Ngf6 12.Bd2 b5 13.Rae1 b4 14.Nd1 Bb7 15.Kh1 Nc5
16.Nxc5 dxc5 17.b3 h5 18.Nf2 h4 19.Nh3 Rd8 20.Bc1 Qa5 21.Bb2 Rg8 22.Ra1 Qb6
23.a3 a5 24.axb4 axb4 25.Ng5 Nh5 26.Qg4 f5 27.exf5 exf5 28.Qe2 Rxd3 29.cxd3 Kd7
30.Nh3 Bd5 31.d4 cxd4 32.Bxd4 Bc5 33.Bxc5 Qxc5 34.Rfc1 Qb6 35.Rd1 Nf6 36.Ra6 Re8
37.Qxe8+  1-0

[Event "3rd South Wales Int"]
[Site "Caerleon WLS"]
[Date "2006.07.10"]
[Round "4"]
[White "Jones,RS"]
[Black "Klein,G"]
[Result "1-0"]
[WhiteElo "2342"]
[BlackElo "1994"]

1.e4 c5 2.Nf3 e6 3.d4 cxd4 4.Nxd4 a6 5.Nc3 Qc7 6.Be2 Nf6 7.O-O b5 8.Bf3 Bb7
9.e5 b4 10.Ncb5 axb5 11.exf6 gxf6 12.Nxb5 Qb6 13.Qd3 Ra5 14.c4 bxc3 15.a4 Bxf3
16.Qxf3 Rg8 17.Qxc3 Qc6 18.Qxc6 Nxc6 19.Be3 Rg4 20.f4 Bh6 21.Bd2 Kf8 22.Bxa5 Nxa5
23.b4 Nb3 24.Rad1 d5 25.Rf3 Bxf4 26.Rxb3 Be5 27.a5 d4 28.a6 Ke7 29.a7 Rg8
30.Ra3 Ra8 31.Nxd4 Bd6 32.Ra6 Bxb4  1-0

[Event "Open"]
[Site "Condom FRA"]
[Date "2006.07.10"]
[Round "3"]
[White "Maenhout,T"]
[Black "Meijers,V"]
[Result "0-1"]
[WhiteElo "2384"]
[BlackElo "2474"]

1.e4 c5 2.Nf3 e6 3.d4 cxd4 4.Nxd4 a6 5.Nc3 b5 6.Bd3 d6 7.O-O Nf6 8.f4 b4
9.Nb1 Bb7 10.Qe2 h5 11.a3 bxa3 12.Nxa3 Nbd7 13.Nf3 Nc5 14.e5 Ng4 15.Nc4 Nxd3
16.cxd3 dxe5 17.fxe5 Be7 18.Bg5 O-O 19.Bxe7 Qxe7 20.d4 Qb4 21.Rfd1 Bd5 22.Nfd2 Rac8
23.b3 Qc3 24.Ne4 Qxb3 25.Ncd6 Rc2 26.Rd2 Qb2 27.Re1 Rxd2 28.Qxd2 Qxd2 29.Nxd2 Rb8
30.Rc1 Rb2 31.Nf3 Ne3  0-1

[Event "Inautomarket Open"]
[Site "Minsk BLR"]
[Date "2006.07.10"]
[Round "1"]
[White "Kornilovich,V"]
[Black "Kurnosov,I"]
[Result "0-1"]
[WhiteElo "2195"]
[BlackElo "2540"]

1.e4 c5 2.Nf3 e6 3.d4 cxd4 4.Nxd4 a6 5.Nc3 d6 6.Be3 b5 7.Qd2 Bb7 8.f3 Nd7
9.O-O-O Rc8 10.Kb1 Ngf6 11.g4 Nb6 12.Bd3 Nfd7 13.f4 Nc4 14.Bxc4 Rxc4 15.Nb3 Be7
16.Rhe1 b4 17.Qd3 Rc8 18.Ne2 O-O 19.e5 Nc5 20.Nxc5 dxc5 21.Qxd8 Rfxd8 22.g5 Bf3
23.Rxd8+ Rxd8 24.Kc1 h6 25.gxh6 gxh6 26.f5 Bg5 27.Bxg5 hxg5 28.Ng3 Kg7 29.c3 g4
30.Kc2 Rh8 31.f6+ Kg6  0-1

[Event "XXIV Andorra Open"]
[Site "Andorra la Vella AND"]
[Date "2006.07.11"]
[Round "4"]
[White "Sareen,V"]
[Black "Damljanovic,B"]
[Result "0-1"]
[WhiteElo "2396"]
[BlackElo "2625"]

1.e4 c5 2.Nf3 e6 3.d4 cxd4 4.Nxd4 a6 5.Nc3 Qc7 6.Bd3 Nc6 7.Nxc6 dxc6 8.O-O e5
9.f4 Bd6 10.f5 Nf6 11.Be3 b5 12.a4 Rb8 13.Qe2 Qe7 14.Bg5 h6 15.Bh4 Bd7 16.axb5 axb5
17.Kh1 Qd8 18.Rfd1 Bc5 19.Rd2 Rb7 20.Nd1 Be7 21.Ne3 O-O 22.c3 Qb8 23.Ng4 Kh7
24.Bxf6 Bxf6 25.Nxf6+ gxf6 26.Bc2 Rg8 27.Rad1 Qe8 28.Rd6 Qe7 29.b4 Ra8 30.Bb3 Ra3
31.Qb2 Raa7 32.h3 Be8 33.c4 bxc4 34.Bxc4 Ra4 35.Qf2 Raxb4 36.Ba2 Rb2 37.Qh4 Rxa2
38.Rxf6 Qf8 39.Rdd6 Rb1+ 40.Kh2 Qg7 41.Rxh6+ Kg8 42.Qg3 Qxg3+ 43.Kxg3 Rb3+
44.Kh4 Rxg2 45.Rd8 Kg7 46.Rh5  0-1

[Event "16th Heart of Finland Open"]
[Site "Jyvaskyla FIN"]
[Date "2006.07.12"]
[Round "4"]
[White "Agopov,M"]
[Black "Kiik,K"]
[Result "1-0"]
[WhiteElo "2377"]
[BlackElo "2452"]

1.e4 c5 2.Nf3 e6 3.d4 cxd4 4.Nxd4 a6 5.Nc3 b5 6.Bd3 Bb7 7.O-O Ne7 8.Re1 Nbc6
9.Nf3 Ng6 10.Bd2 Nce5 11.Bf1 Be7 12.a4 Nxf3+ 13.Qxf3 b4 14.Na2 a5 15.c3 b3
16.Nc1 f5 17.Nxb3 O-O 18.Qe3 Bxe4 19.Nc5 Bd5 20.c4 f4 21.Qh3 Bxg2 22.Bxg2 Bxc5
23.Bxa8 Qxa8 24.Qg2 Qd8 25.Kh1 Qb6 26.f3 e5 27.Bc3 Be3 28.Red1 d6 29.Qg4 Bc5
30.Rd2 Ne7 31.Qe6+ Rf7 32.Rg2 Kf8 33.Qd7 Nc6 34.Qc8+ Ke7 35.Qa8 g6 36.Qc8 Nd4
37.Bxd4 Bxd4 38.Qa8 Kd7 39.Qd5 Re7 40.Qb5+ Kc7 41.Rc2 Bc5 42.Kg2 Qa7 43.Rd1 Rd7
44.Rd5 Rd8 45.Qb3 Rb8 46.Qd3 Rb4 47.b3 Qb6 48.Rb2 Kb8 49.Rb1 Ka7 50.Qc2 Qb7
51.Kf1 Qd7 52.Ke1 Qh3 53.Qe2 Rb7 54.Kd2 g5 55.Kc2 h5 56.Rbd1 Qc8 57.Qe1 Qf5+
58.Kb2 Rb4 59.Rxc5 dxc5 60.Rd5 Qf6 61.Qxe5 Qxe5+ 62.Rxe5 g4 63.Rxc5 Rb6 64.Rxa5+ Ra6
65.Rxh5 Rf6 66.Kc3 gxf3 67.Rh3  1-0

[Event "3rd South Wales Int"]
[Site "Caerleon WLS"]
[Date "2006.07.13"]
[Round "8"]
[White "Jones,RS"]
[Black "Klein,Fe"]
[Result "1-0"]
[WhiteElo "2342"]
[BlackElo "2205"]

1.e4 c5 2.Nf3 e6 3.d4 cxd4 4.Nxd4 a6 5.Nc3 Qc7 6.Be2 b5 7.O-O Bb7 8.Re1 Nc6
9.Nxc6 dxc6 10.e5 Rd8 11.Bd3 Bb4 12.Qg4 Bxc3 13.bxc3 g6 14.Bg5 Rd7 15.c4 bxc4
16.Bxc4 h6 17.Qh3 c5 18.Rad1 Kf8 19.Rxd7 Qxd7 20.Be3 Kg7 21.Be2 Qc7 22.Qh4 Qxe5
23.Qc4 Nf6 24.Bf3 Qc7 25.Bxb7 Qxb7 26.Qc3 Qb4 27.Bd2 Qxc3 28.Bxc3 Rd8 29.h4 g5
30.h5 Rd4 31.Bxd4 cxd4 32.Kf1 Kf8 33.a3 Ke7 34.Re5 Nd7 35.Ra5 Nb8 36.Rc5 Kd7
37.Rxg5 Nc6 38.Rg8 Ne7 39.Ra8 Nd5 40.Rxa6 Nf6 41.Ra7+ Ke8 42.a4  1-0

[Event "ch-SCO"]
[Site "Troon SCO"]
[Date "2006.07.13"]
[Round "6"]
[White "Marks,I"]
[Black "Stevenson,J"]
[Result "0-1"]
[WhiteElo "1944"]
[BlackElo "2089"]

1.e4 c5 2.Nc3 e6 3.Nf3 a6 4.d4 cxd4 5.Nxd4 d6 6.Be3 Nf6 7.Bd3 Be7 8.f4 Qc7
9.Qf3 Nc6 10.O-O-O O-O 11.Rdf1 Bd7 12.Rhg1 b5 13.g4 b4 14.Nce2 Nxd4 15.Nxd4 Bb5
16.Kb1 Bxd3 17.cxd3 Rac8 18.g5 Nd7 19.f5 Ne5 20.Qg2 exf5 21.exf5 Rfe8 22.h4 Bf8
23.h5 Nxd3 24.Bc1 Qc5 25.Nb3 Qe5 26.g6 Qe4 27.gxf7+ Kxf7 28.Qxe4 Rxe4 29.Rd1 Nxc1
30.Rxc1 Rxc1+ 31.Rxc1 Rh4 32.Rc6 Rxh5 33.Rxa6 Rxf5 34.Rb6 Rf4  0-1

[Event "XXIV Andorra Open"]
[Site "Andorra la Vella AND"]
[Date "2006.07.14"]
[Round "7"]
[White "Almagro Llamas,P"]
[Black "Caruana,F"]
[Result "1-0"]
[WhiteElo "2380"]
[BlackElo "2444"]

1.e4 c5 2.Nf3 e6 3.d4 cxd4 4.Nxd4 a6 5.Nc3 Qc7 6.g3 Bb4 7.Ne2 Nf6 8.Bg2 Be7
9.O-O O-O 10.a4 Nc6 11.Kh1 b6 12.f4 Bb7 13.Ng1 Rad8 14.Qe2 d5 15.e5 Nd7 16.Nf3 Nc5
17.Nd1 a5 18.Nc3 Ba6 19.Nb5 Qd7 20.b3 d4 21.Ba3 d3 22.cxd3 Nxb3 23.Bxe7 Nxe7
24.Rab1 Bxb5 25.axb5 Qxd3 26.Qxd3 Rxd3 27.Ng5 h6 28.Ne4 a4 29.Nd6 Rc3 30.Rf2 Nc5
31.Ra2 Rb3 32.Rc1 Nd5 33.Bxd5 exd5 34.Rd1 Ra8 35.Rxd5 Nd3 36.Rd4 a3 37.Nc4 Nc1
38.Rxa3 Raxa3 39.Nxa3 Rxa3 40.Rd6 Rb3 41.Rxb6 Ne2 42.Rb8+ Kh7 43.b6 Kg6 44.Kg2 Nc3
45.b7 Ne4 46.f5+ Kxf5 47.e6 Kf6 48.Re8 Rb2+ 49.Kg1 Rxb7 50.exf7  1-0

[Event "XXIV Andorra Open"]
[Site "Andorra la Vella AND"]
[Date "2006.07.14"]
[Round "7"]
[White "Delchev,A"]
[Black "Galego,L"]
[Result "1/2-1/2"]
[WhiteElo "2637"]
[BlackElo "2528"]

1.e4 c5 2.Nf3 e6 3.Nc3 a6 4.d4 cxd4 5.Nxd4 Qc7 6.Bd3 Nf6 7.O-O Bc5 8.Nb3 Be7
9.f4 d6 10.a4 Nc6 11.a5 b5 12.axb6 Qxb6+ 13.Kh1 O-O 14.Qe2 Nb4 15.Na5 Nxd3
16.cxd3 Bd7 17.Qe3 Qb4 18.Bd2 Qb8 19.b4 Rc8 20.Nc4 d5 21.exd5 exd5 22.Qxe7 dxc4
23.Ne4 Nxe4 24.dxe4 c3 25.Bxc3 Rxc3 26.Qxd7 Qxb4 27.e5 Qc4 28.Rad1 Qc8 29.Qd6 Rc6
30.Qe7 Rc7 31.Qh4 Rd7 32.f5 Rxd1 33.Rxd1 Qc7 34.h3 Re8 35.Rd5 h6 36.Qd4 Qc2
37.Qg4 Qb2 38.e6 fxe6 39.fxe6 Qc3 40.Rd1 Qe3 41.Rd6 Qe1+ 42.Kh2 Qe5+ 43.Qg3 Rxe6  1/2-1/2

[Event "Inautomarket Open"]
[Site "Minsk BLR"]
[Date "2006.07.14"]
[Round "5"]
[White "Zhigalko,A"]
[Black "Svjatocho,A"]
[Result "1-0"]
[WhiteElo "2542"]
[BlackElo "2232"]

1.d4 e6 2.Nf3 c5 3.e4 cxd4 4.Nxd4 a6 5.Nc3 d6 6.g4 Nf6 7.g5 Nfd7 8.h4 Nc6
9.Be3 Nde5 10.Be2 Nxd4 11.Qxd4 Nc6 12.Qb6 Be7 13.O-O-O Qxb6 14.Bxb6 Kd7 15.Na4 Rb8
16.f4 Bd8 17.Bc5 Bc7 18.Bxd6 Bxd6 19.e5 b5 20.Nc5+ Kc7 21.Rxd6 Rb6 22.Bf3 Ne7
23.Rd4 h6 24.b4 Nf5 25.Rd3 hxg5 26.hxg5 Rxh1+ 27.Bxh1 Ne7 28.Be4 g6 29.Rh3 Bd7
30.Nxd7 Kxd7 31.Rh7 Ke8 32.Rh8+ Kd7 33.Rf8 a5 34.a3 axb4 35.axb4 Ra6 36.Kb2 Ra7
37.Rxf7 Ke8 38.Bxg6 Ra4 39.Bh5 Rxb4+ 40.Kc1  1-0

[Event "3rd ACT"]
[Site "Amsterdam NED"]
[Date "2006.07.15"]
[Round "1"]
[White "Van der Weide,K"]
[Black "Van Vliet,J"]
[Result "1/2-1/2"]
[WhiteElo "2446"]
[BlackElo "2250"]

1.e4 c5 2.Nf3 e6 3.d4 cxd4 4.Nxd4 a6 5.Nc3 Qc7 6.Bd3 Nc6 7.Be3 Nf6 8.Qe2 Bb4
9.O-O O-O 10.f4 d6 11.Nxc6 bxc6 12.Na4 c5 13.c3 Ba5 14.b4 Bd7 15.Nxc5 dxc5
16.bxa5 e5 17.h3 Rfe8 18.Rac1 Bc6 19.fxe5 Qxe5 20.Bf4 Qe6 21.e5 Nd7 22.Rce1 Bd5
23.c4 Bb7 24.Qh5 Nf8 25.Rb1 Qd7 26.Bf5 Qd4+ 27.Rf2 g6 28.Qg5 Be4 29.Bxe4 Qxe4
30.Rbf1 Ne6 31.Qf6 Ra7 32.Bh6 Qb7 33.Rd1 Qe7 34.Rd6 Qxf6 35.exf6 Nd4 36.Rb6 Raa8
37.Kh2 Nf5 38.Bf4 Re4 39.g4 Nd4 40.Bd6 Ne6 41.Rfb2 h6 42.Rb8+ Rxb8 43.Rxb8+ Kh7
44.Rb6 Rxc4 45.Rxa6 Ra4 46.Kg1 Rxa2 47.Kf1 g5 48.Ke1 Kg6 49.Be5 Ra3 50.Bb2 Ra2
51.Bc3 Nd4 52.Kd1 Ra3 53.Kd2 Nb5 54.Bb2 Ra2 55.Kc1 c4 56.Kb1 Ra4 57.Be5 c3
58.Ra8 Re4 59.Rg8+ Kh7 60.Rg7+ Kh8 61.Rxf7 Rxe5 62.Re7 Rxe7 63.fxe7 Nc7 64.Kc2 Kg7
65.Kxc3 Kf7 66.Kd4 Kxe7 67.Ke5 Na6  1/2-1/2

[Event "3rd ACT"]
[Site "Amsterdam NED"]
[Date "2006.07.15"]
[Round "1"]
[White "Moll,A"]
[Black "Blees,A"]
[Result "0-1"]
[WhiteElo "2180"]
[BlackElo "2400"]

1.e4 c5 2.Nf3 e6 3.d4 cxd4 4.Nxd4 a6 5.Nc3 d6 6.g3 b5 7.Bg2 Bb7 8.O-O Nf6
9.Re1 Nbd7 10.e5 dxe5 11.Bxb7 exd4 12.Bxa8 dxc3 13.Bg2 cxb2 14.Bxb2 Bb4 15.Re3 O-O
16.a4 Bc5 17.Rd3 Qc7 18.axb5 axb5 19.Qf3 Nd5 20.Qe2 N7b6 21.Qg4 g6 22.Qg5 Na4
23.Rxa4 bxa4 24.Bxd5 exd5 25.Qf6 d4 26.Rxd4 a3 27.Ba1 Qe7 28.Qxe7 Bxe7 29.Rd7 Re8
30.c4 Bf8 31.Kf1 Rc8 32.Rd4 Bg7 33.Rd1 Rxc4 34.Rd8+ Bf8 35.Ke2 f5 36.Ra8 Rc2+
37.Ke3 Kf7 38.Ra7+ Ke6 39.Bd4 Bd6 40.Kd3 Rc7 41.Ra8 Rc1 42.Ra7 Rd1+ 43.Kc4 g5
44.Ra6 h5 45.Bg7 f4 46.gxf4 gxf4 47.f3 Rf1 48.Bf8 a2 49.Bg7 Rf2 50.h4 Rxf3
51.Rxa2 Be7 52.Ra5 Ra3 53.Rxh5 f3 54.Re5+ Kf7 55.Bh6 Kg6 56.Be3 Bxh4 57.Bb6 Bf6
58.Rd5 Rc3+ 59.Kb4 Rc1 60.Ba7 Bg5 61.Rd3 Rf1 62.Kc4 Kf5 63.Kd5 Kg4 64.Bb6 Re1
65.Rd4+ Kg3 66.Rd3 Kg2 67.Ba7 Bh4 68.Bb6 Re2 69.Rd1 Bf2 70.Bd8 Be3 71.Bh4 Bf4  0-1

[Event "Inautomarket Open"]
[Site "Minsk BLR"]
[Date "2006.07.15"]
[Round "6"]
[White "Danin,A"]
[Black "Zubov,A UKR"]
[Result "1/2-1/2"]
[WhiteElo "2431"]
[BlackElo "2538"]

1.e4 c5 2.Nf3 e6 3.d4 cxd4 4.Nxd4 a6 5.Nc3 Nc6 6.Be2 Qc7 7.O-O Nf6 8.Be3 Be7
9.f4 d6 10.Qe1 O-O 11.Qg3 Nxd4 12.Bxd4 b5 13.a3 Bd7 14.Kh1 Bc6 15.Rad1 Rad8
16.Bf3  1/2-1/2

[Event "Blue Sevan"]
[Site "Sevan ARM"]
[Date "2006.07.15"]
[Round "3"]
[White "Kekelidze,M"]
[Black "Vitiugov,N"]
[Result "1/2-1/2"]
[WhiteElo "2493"]
[BlackElo "2555"]

1.e4 c5 2.Nf3 e6 3.Nc3 a6 4.d4 cxd4 5.Nxd4 Qc7 6.Bd3 Nc6 7.Nxc6 Qxc6 8.Qe2 b5
9.a4 b4 10.Nd5 Bc5 11.Bd2 Rb8 12.c3 bxc3 13.Bxc3 Kf8 14.b4 Bxb4 15.Bxb4+ Rxb4
16.Qd2 Rb8 17.Qf4 d6 18.Rc1 g5 19.Qxg5 Qe8 20.Ne3 h6 21.Qa5 Ne7 22.Qc7 Rb7
23.Qxd6 Rd7 24.Qa3 Qd8 25.Bb1 Qa5+ 26.Qc3 Qxc3+ 27.Rxc3 Kg7 28.O-O Rd4 29.Bc2 Bd7
30.Rd1 Rxd1+ 31.Bxd1 Bc6 32.f3 Rb8 33.Bb3 Be8 34.Bc4 Rb1+ 35.Kf2 Rb2+ 36.Kg3 Bxa4
37.Bxa6 Ng6 38.Rc5 Rb3 39.Nc4 Rc3 40.Ra5 Bc6 41.Nd6 Kf8 42.Bb7 Ke7 43.Nc8+ Kf6
44.Bxc6 Rxc6 45.Na7 Rc2 46.Ra6 h5 47.h4 Ne5 48.Nb5 Nd3 49.Nd4 Rb2 50.f4 Ne1
51.e5+ Kg7 52.f5 Rxg2+ 53.Kh3 exf5 54.Nxf5+ Kh8 55.Rh6+ Kg8 56.Rxh5 Rg1 57.Ng3 Nd3
58.Rg5+ Kh8 59.Rf5 Re1 60.Rxf7 Nxe5 61.Ra7 Nc6 62.Rc7 Ne7 63.h5 Nd5 64.Ra7 Re5
65.Kh4 Ne3 66.Nh1 Re4+ 67.Kg5 Rg4+ 68.Kf6 Rg1 69.Nf2 Ng4+ 70.Nxg4  1/2-1/2

[Event "16th Heart of Finland Open"]
[Site "Jyvaskyla FIN"]
[Date "2006.07.16"]
[Round "9"]
[White "Agopov,M"]
[Black "Sarakauskas,G"]
[Result "1-0"]
[WhiteElo "2377"]
[BlackElo "2414"]

1.e4 c5 2.Nf3 e6 3.d4 cxd4 4.Nxd4 a6 5.Nc3 b5 6.Bd3 Qb6 7.Nf3 Nc6 8.O-O Qb8
9.Qe2 Nge7 10.Re1 Ng6 11.e5 Bb7 12.h4 d6 13.exd6 Bxd6 14.a4 b4 15.Ne4 Be7
16.Neg5 Nf4 17.Bxf4 Qxf4 18.g3 Qf6 19.Rad1 g6 20.Be4 h6 21.Nxf7 Qxf7 22.Bxc6+ Bxc6
23.Ne5 Bf3 24.Nxf3 O-O 25.Qxe6 Bf6 26.Rd7 Qxe6 27.Rxe6 Rf7 28.Rdd6 Raf8 29.Nd2 Bxb2
30.Rxg6+ Bg7 31.Ne4 a5 32.Rc6 Re7 33.Nf6+ Kf7 34.Nh5 Bd4 35.Rgd6 Re4 36.Rc7+ Ke8
37.Rxd4  1-0

[Event "Inautomarket Open"]
[Site "Minsk BLR"]
[Date "2006.07.16"]
[Round "7"]
[White "Oleksienko,M"]
[Black "Shaposhnikov,E"]
[Result "1/2-1/2"]
[WhiteElo "2497"]
[BlackElo "2547"]

1.e4 c5 2.Nf3 e6 3.d4 cxd4 4.Nxd4 a6 5.Nc3 Qc7 6.Be2 Nc6 7.O-O Nf6 8.Kh1 Nxd4
9.Qxd4 Bc5 10.Qd3 b5 11.f4 Bb7 12.Bf3 O-O 13.e5 Ne8 14.Ne4 Be7 15.Be3 f5
16.Nd2 Rc8 17.a4 b4 18.Bxb7 Qxb7 19.Nc4 Qe4 20.Nb6 Rxc2 21.Qxe4 fxe4 22.Nxd7 Rf7
23.Rac1  1/2-1/2

[Event "Inautomarket Open"]
[Site "Minsk BLR"]
[Date "2006.07.16"]
[Round "7"]
[White "Aveskulov,V"]
[Black "Vovk,A"]
[Result "1-0"]
[WhiteElo "2471"]
[BlackElo "2388"]

1.e4 c5 2.Nf3 e6 3.d4 cxd4 4.Nxd4 a6 5.Nc3 Nc6 6.Be2 Qc7 7.O-O Nf6 8.Be3 Bb4
9.Na4 Bd6 10.g3 b5 11.Nb6 Rb8 12.Nxc8 Rxc8 13.a4 Nxd4 14.Bxd4 e5 15.Be3 Bc5
16.Qd3 Bxe3 17.Qxe3 O-O 18.c3 Qc6 19.axb5 axb5 20.f3 d5 21.exd5 Nxd5 22.Qf2 Rfd8
23.Rfd1 Rd6 24.Ra5 Nc7 25.Rxd6 Qxd6 26.Bxb5 Nxb5 27.Rxb5 Ra8 28.Qe2 f6 29.Qc4+ Kh8
30.Qd5 Qa6 31.Kg2 h5 32.Qd3 Qc6 33.Rd5 Qb6 34.Rb5 Qc6 35.Rd5 Qb6 36.Qd2 Kh7
37.Qc2+ Kh6 38.Qf2 Qb7 39.Rd2 Ra4 40.Qe3+ Kh7 41.Qd3+ Kh6 42.Qe3+ Kh7 43.Qd3+ Kh6
44.Qd7 Qb3 45.Qf5 Ra2 46.g4 hxg4 47.fxg4 g6 48.g5+ Kh5 49.Qf3+ Kxg5 50.h4+ Kxh4
51.Qxf6+ Kh5 52.Kg3  1-0

[Event "Inautomarket Open"]
[Site "Minsk BLR"]
[Date "2006.07.16"]
[Round "7"]
[White "Zubov,A UKR"]
[Black "Korobkov,P"]
[Result "1-0"]
[WhiteElo "2538"]
[BlackElo "2417"]

1.e4 c5 2.Nf3 e6 3.d4 cxd4 4.Nxd4 a6 5.Nc3 Qc7 6.Be2 b5 7.O-O Bb7 8.Bf3 b4
9.Nd5 exd5 10.exd5 d6 11.Re1+ Be7 12.Nf5 Bc8 13.Nxg7+ Kf8 14.Qd4 f6 15.Nh5 a5
16.Bd2 Na6 17.Re2 Bf5 18.Rae1 Re8 19.Nxf6 Bxf6 20.Rxe8+ Kg7 21.Qf4 Bg6 22.R8e6 Be5  1-0

[Event "6th TCh-Euro u18 Girls"]
[Site "Balatonlelle HUN"]
[Date "2006.07.17"]
[Round "6"]
[White "Bojovic,J"]
[Black "Winkelmann,E"]
[Result "0-1"]
[WhiteElo "1957"]
[BlackElo "2082"]

1.e4 c5 2.Nf3 e6 3.d4 cxd4 4.Nxd4 a6 5.Nc3 Qc7 6.g3 d6 7.Bg2 Nf6 8.O-O Nc6
9.Re1 Be7 10.Nxc6 bxc6 11.e5 dxe5 12.Rxe5 O-O 13.Bf4 Bd6 14.Rxe6 Bxf4 15.Rxc6 Qa7
16.gxf4 Bg4 17.Qd3 Rad8 18.Qg3 Kh8 19.Ne4 Nxe4 20.Bxe4 f5 21.Bf3 Bxf3 22.Qxf3 Qb8
23.b3 Rd4 24.h3 Rxf4 25.Qc3 Qe8 26.Re1 Re4 27.Rxe4 fxe4 28.Rc7 Qg6+ 29.Qg3 Qf6
30.c4 h6 31.Rd7 Qa1+ 32.Kg2 Rf3 33.Qg6 Rf8 34.Qxe4 Qxa2 35.Qd4 Rg8 36.Rd6 Kh7
37.Qd3+ Kh8 38.c5 Qa5 39.c6 Qg5+ 40.Qg3 Qc5 41.Qf4 a5 42.Kh2 Kh7 43.Qe4+ Kh8
44.Kg2 Qxd6 45.Qa4 Rc8 46.Qxa5 Qxc6+ 47.Kf1 Qh1+ 48.Ke2 Qe4+ 49.Kf1 Rc1+  0-1

[Event "3rd ACT"]
[Site "Amsterdam NED"]
[Date "2006.07.18"]
[Round "4"]
[White "Cornelisse,J"]
[Black "Valenti,G"]
[Result "1-0"]
[WhiteElo "2216"]
[BlackElo "2273"]

1.e4 c5 2.Nf3 e6 3.d4 cxd4 4.Nxd4 a6 5.Nc3 Qc7 6.Bd3 Nf6 7.O-O Be7 8.Be3 O-O
9.Kh1 d6 10.f4 Nc6 11.Qf3 Re8 12.Rae1 Nb4 13.Be2 Bf8 14.Qg3 Bd7 15.e5 Nfd5
16.Bd2 Nxc3 17.bxc3 Nd5 18.Bd3 g6 19.c4 Nb6 20.Ba5 Ba4 21.Rb1  1-0

[Event "6th TCh-Euro u18 Girls"]
[Site "Balatonlelle HUN"]
[Date "2006.07.18"]
[Round "7"]
[White "Jussupow,E"]
[Black "Traistaru,T"]
[Result "1/2-1/2"]
[WhiteElo "2036"]
[BlackElo "2150"]

1.e4 c5 2.Nf3 e6 3.d4 cxd4 4.Nxd4 a6 5.Nc3 b5 6.Nb3 Bb7 7.Bd3 d6 8.Be3 Nf6
9.f3 Nbd7 10.O-O Be7 11.Qe1 O-O 12.Qg3 Re8 13.Rad1 Qc7 14.a3 Rac8 15.f4 d5
16.e5 Ne4 17.Bxe4 dxe4 18.Kh1 f5 19.Qf2 b4 20.axb4 Bxb4 21.Ne2 Bd5 22.Rxd5 exd5
23.Ned4 g6 24.g4 fxg4 25.e6 Nf6 26.Qh4 Be7 27.f5 g3 28.fxg6 hxg6 29.Qg5 Bd8
30.c3 Qh7 31.Qxg3 Bc7 32.Qg2 Bxh2 33.Bg5 Be5+ 34.Kg1 Ng4 35.Bf4 Bxf4 36.Rxf4 Ne5
37.Qg5 Qh5 38.Qxh5 gxh5 39.Rf5 Nd3 40.Rxd5 Nxb2 41.Nc5 e3 42.Ne4 Re7 43.Rxh5 e2
44.Nxe2 Rxe6 45.N2g3 Rg6 46.Kh2 Nd1 47.Nf5 Re8 48.Nfd6 Rxd6 49.Nxd6 Re2+
50.Kg3 Nxc3 51.Ra5 Ra2 52.Nc4 Rxa5 53.Nxa5 Kf7 54.Kf4 Ke6 55.Ke3 Kd5  1/2-1/2

[Event "Aegean Open"]
[Site "Agios Kirikos GRE"]
[Date "2006.07.19"]
[Round "9"]
[White "Papargyriou,A"]
[Black "Margaritis,F"]
[Result "1-0"]
[WhiteElo "2062"]
[BlackElo "2154"]

1.e4 c5 2.Nf3 e6 3.d4 cxd4 4.Nxd4 a6 5.Nc3 Qc7 6.Bd3 Nf6 7.O-O b5 8.Qe2 h5
9.e5 Ng4 10.h3 Qxe5 11.hxg4 Qxd4 12.Be4 Nc6 13.g5 Bb7 14.Be3 Qe5 15.f4 Qc7
16.Qf2 d5 17.Bxd5 b4 18.Bb6 Qd7 19.Rad1 exd5 20.Nxd5 Bd6 21.Nc7+ Bxc7 22.Rfe1+ Kd8
23.Qc5 Kc8 24.Rxd7 Kxd7 25.Qf5+  1-0

[Event "Aegean Open"]
[Site "Agios Kirikos GRE"]
[Date "2006.07.19"]
[Round "9"]
[White "Kakkanas,E"]
[Black "Pambalos,P"]
[Result "1-0"]
[WhiteElo "2135"]
[BlackElo "2035"]

1.e4 c5 2.Nf3 e6 3.d4 cxd4 4.Nxd4 a6 5.Nc3 b5 6.Bd3 Bb7 7.O-O Ne7 8.Bg5 h6
9.Bh4 Qb6 10.Nf3 Ng6 11.Bg3 d6 12.a4 b4 13.a5 Qd8 14.Nb1 Nc6 15.Nbd2 Nxa5
16.e5 Nxe5 17.Bxe5 dxe5 18.Nxe5 Qd5 19.Nef3 Nc6 20.Be4 Qb5 21.c4 Qb6 22.Qa4 Be7
23.Ne5 Rc8 24.Nb3 Qc7 25.Na5 Qxe5 26.Bxc6+ Rxc6 27.Nxc6 Qe4 28.Na5+ Kf8 29.Nxb7 Qxb7
30.Qxa6 Qxa6 31.Rxa6 g6 32.Ra8+ Kg7 33.Rxh8 Kxh8 34.Rd1 Kg7 35.Kf1 Kf6 36.Ke2 Bc5
37.f3 Ke5 38.Kd3 f5 39.Re1+ Kd6 40.Kc2 e5 41.Kb3 g5 42.Rd1+ Ke6 43.Rd8 g4
44.Rh8 e4 45.Rxh6+ Ke5 46.fxe4 fxe4 47.Rh5+ Kd6 48.Kc2 Bf2 49.b3 g3 50.h3 Ke6
51.Kd1 Bd4 52.Ke2 Kd6  1-0

[Event "XI Open"]
[Site "Balaguer ESP"]
[Date "2006.07.19"]
[Round "3"]
[White "Babaev,Ra"]
[Black "Lymar,I"]
[Result "1-0"]
[WhiteElo "2454"]
[BlackElo "2293"]

1.e4 c5 2.Nf3 e6 3.d4 cxd4 4.Nxd4 a6 5.Nc3 Qc7 6.Be2 Nf6 7.O-O Be7 8.f4 d6
9.a4 Nc6 10.Kh1 O-O 11.Be3 Re8 12.Bf3 Rb8 13.Qd2 Nxd4 14.Bxd4 e5 15.Ba7 Ra8
16.Be3 exf4 17.Bxf4 Be6 18.Rfd1 Rad8 19.a5 Bf8 20.h3 h6 21.Qf2 Nd7 22.Qg3 Ne5
23.Bxh6 Nc4 24.b3 Ne5 25.Be2 Rc8 26.Bd2 Nc6 27.Bd3 Nb4 28.Nb5 Qc5 29.Be3 Qh5
30.Nd4 Qe5 31.Qf2 Nxd3 32.cxd3 d5 33.Bf4 Qh5 34.e5 Bc5 35.Rd2 Bxh3 36.gxh3 Qxh3+
37.Bh2 Qg4 38.Ra4 Bxd4 39.Rxd4 Rc1+ 40.Bg1 Qh3+ 41.Qh2 Qf3+ 42.Qg2 Qh5+ 43.Qh2 Qf3+
44.Rg2 g5 45.Rg4 f6 46.Qh5 Kf8 47.Rxg5  1-0

[Event "US Junior"]
[Site "Dallas USA"]
[Date "2006.07.20"]
[Round "9"]
[White "Schneider,Ig"]
[Black "Kleiman,J"]
[Result "1-0"]
[WhiteElo "2367"]
[BlackElo "2271"]

1.e4 c5 2.Nf3 e6 3.d4 cxd4 4.Nxd4 a6 5.Nc3 Qc7 6.Bd3 Nf6 7.O-O Nc6 8.Nxc6 dxc6
9.f4 e5 10.Kh1 Bd6 11.f5 h5 12.Qf3 Ng4 13.a4 Bc5 14.Nd1 Qe7 15.Bd2 Bd7 16.Rb1 Rd8
17.Qg3 Kf8 18.b4 Bd4 19.Nc3 Bc8 20.Ne2 Ba7 21.b5 Bc5 22.Nc1 Rd4 23.bxa6 bxa6
24.Nb3 Rxa4 25.Nxc5 Qxc5 26.h3 a5 27.Qh4 Nf6 28.Qe1 Ng4 29.Qh4 Nf6 30.Rb3 Qd6
31.Be3 Kg8 32.Bg5 c5 33.Rbb1 c4 34.Be2 c3 35.Rfd1 Qe7 36.Rb8 Qc7 37.Bxf6 gxf6
38.Qxf6 Rd4 39.Rxd4 exd4 40.Qg5+ Kf8 41.Ra8 Rg8 42.Qf6 Qb7 43.Bxh5 d3 44.Rxc8+  1-0

[Event "6th Open"]
[Site "Saint Chely d'Aubrac FRA"]
[Date "2006.07.20"]
[Round "7"]
[White "Degraeve,JM"]
[Black "Meijers,V"]
[Result "1-0"]
[WhiteElo "2540"]
[BlackElo "2474"]

1.e4 c5 2.Nf3 e6 3.Nc3 a6 4.d4 cxd4 5.Nxd4 d6 6.g4 b5 7.Be3 b4 8.Na4 Bb7
9.Bg2 Nf6 10.g5 Nxe4 11.Qg4 d5 12.Bxe4 dxe4 13.O-O-O Bd5 14.Nxe6 fxe6 15.Nb6 Nc6
16.Rxd5 exd5 17.Qe6+ Ne7 18.Rd1 Rb8 19.Rxd5 Qc7 20.Re5 Rd8 21.Rf5  1-0

[Event "3rd ACT"]
[Site "Amsterdam NED"]
[Date "2006.07.21"]
[Round "7"]
[White "De Jong,M"]
[Black "Van de Fliert,W"]
[Result "1-0"]
[WhiteElo "2241"]
[BlackElo "2195"]

1.e4 c5 2.Nf3 e6 3.d4 cxd4 4.Nxd4 a6 5.Nc3 b5 6.Bd3 Qb6 7.Nf3 Qc7 8.O-O Bb7
9.Re1 Bc5 10.e5 f5 11.Ng5 Qc6 12.Qh5+ g6 13.Qh3 Ne7 14.Nf3 Qb6 15.Re2 Nbc6
16.a4 b4 17.a5 Qc7 18.Na4 Nd4 19.Nxd4 Bxd4 20.Nb6 Bxb6 21.axb6 Qxb6 22.Qh4 Nd5
23.Bh6 Qc6 24.f3 Qc5+ 25.Kh1 Qe7 26.Qg3 Qf7 27.c4 Ne7 28.Qf2 Nc6 29.Qb6 Rb8
30.Bc2 Qe7 31.Ba4 Qd8 32.Qe3 Qh4 33.Rd1 f4 34.Bxf4 O-O 35.Bg5 Qxc4 36.Rxd7 Na5
37.Bf6 Rbc8 38.Rg7+ Kh8 39.Re1 Rxf6 40.Qh6 Rxf3  1-0

[Event "3rd ACT"]
[Site "Amsterdam NED"]
[Date "2006.07.21"]
[Round "7"]
[White "Van Delft,M"]
[Black "Szymczak,Z"]
[Result "1/2-1/2"]
[WhiteElo "2382"]
[BlackElo "2288"]

1.e4 c5 2.Nf3 e6 3.d4 cxd4 4.Nxd4 a6 5.Nc3 b5 6.Bd3 Qb6 7.Nf3 d6 8.O-O Nf6
9.a4 b4 10.a5 Qc7 11.Na4 Nbd7 12.Be3 Rb8 13.Nb6 Nc5 14.Bxc5 Qxc5 15.Qe2 Bb7
16.Rfc1 Be7 17.c3 b3 18.Nd2 O-O 19.Nxb3 Qc7 20.Nd4 Rfd8 21.b4 d5 22.exd5 Nxd5
23.Nxd5 Rxd5 24.Nf3 Rd6 25.Rab1 g6 26.Be4 Bxe4 27.Qxe4 Rc6 28.Qe3 Rc8 29.b5  1/2-1/2

[Event "Czech Open A"]
[Site "Pardubice CZE"]
[Date "2006.07.21"]
[Round "1"]
[White "Toma,K"]
[Black "Bernasek,J"]
[Result "0-1"]
[WhiteElo "2256"]
[BlackElo "2459"]

1.e4 c5 2.Nf3 e6 3.d4 cxd4 4.Nxd4 a6 5.Nc3 b5 6.Bd3 Bb7 7.O-O Qc7 8.a3 Nf6
9.Be3 Nc6 10.Kh1 Ne5 11.f4 Nc4 12.Bxc4 Qxc4 13.Qd3 Rc8 14.Rad1 Bxa3 15.Ncxb5 Bb4
16.Na3 Qxd3 17.cxd3 Be1 18.Rfxe1 O-O 19.Bd2 d6 20.Bb4 Rfd8 21.Nb3 Ba8 22.Bc3 e5
23.Rf1 Ng4 24.Nc2 Bc6 25.h3 Nf6 26.Ne1 Nh5 27.Kh2 Nxf4  0-1

[Event "3rd ACT"]
[Site "Amsterdam NED"]
[Date "2006.07.22"]
[Round "8"]
[White "Hunt,A"]
[Black "Stellwagen,D"]
[Result "1/2-1/2"]
[WhiteElo "2457"]
[BlackElo "2575"]

1.e4 c5 2.Nf3 e6 3.d4 cxd4 4.Nxd4 a6 5.Nc3 Qc7 6.Bd3 Nc6 7.Nxc6 dxc6 8.O-O e5
9.Kh1 Nf6 10.f4 Bd6 11.f5 b5 12.a4 Rb8 13.Qf3 Bb7 14.Qg3 Kf8 15.Be3 Qe7 16.Qh4 h6
17.g4 Kg8 18.Rad1 c5 19.axb5 Nxe4 20.f6 Nxf6+ 21.Kg1 axb5 22.Bxb5 Qe6 23.b3 Qxg4+
24.Qxg4 Nxg4 25.Rxd6 Nxe3 26.Re1 Nxc2 27.Rxe5 Nd4 28.Rxc5 Ne6 29.Re5 Kf8
30.Rd7 g6 31.Bc4 Bc8 32.Ra7 Rb7 33.Rxb7 Bxb7 34.Bxe6 fxe6 35.Rxe6 Kf7 36.Rb6 Ba8
37.Nb5 Rd8 38.Nd6+ Ke7 39.Nc4 Be4 40.Ne5 Rd6 41.Rxd6 Kxd6 42.Nf7+ Kc5 43.Nxh6 Bd5
44.Kf2 Bxb3  1/2-1/2